Central Library OPAC University of Rajshahi

মধ্যপ্রাচ্যের ইতিহাস (১২৫৮-১৯১৪) / (Record no. 38612)

MARC details
000 -LEADER
fixed length control field 01076nam a2200241 a 4500
001 - CONTROL NUMBER
control field 38612
003 - CONTROL NUMBER IDENTIFIER
rucl marc code BD-RjUL
005 - DATE AND TIME OF LATEST TRANSACTION
control field 20211209052828.0
008 - FIXED-LENGTH DATA ELEMENTS--GENERAL INFORMATION
fixed length control field 160124s1966 bg a|||| |||| 00| 0 ben d
035 ## - SYSTEM CONTROL NUMBER
System control number (BD-RjUL)38720
040 ## - CATALOGING SOURCE
Original cataloging agency BD-RjUL
Language of cataloging ben
Transcribing agency BD-RjUL
041 ## - LANGUAGE CODE
Language code of text/sound track or separate title ben
082 ## - DEWEY DECIMAL CLASSIFICATION NUMBER
Edition number 23
Classification number 956
Author mark and year KHM 1966
100 ## - MAIN ENTRY--PERSONAL NAME
Personal name খান, মো: আলী আজগর
9 (RLIN) 119141
245 ## - TITLE STATEMENT
Title মধ্যপ্রাচ্যের ইতিহাস (১২৫৮-১৯১৪) /
Statement of responsibility, etc. মো: আলী আজগর খান ও মোহাম্মদ লুৎফর রহমান শেখ
260 ## - PUBLICATION, DISTRIBUTION, ETC. (IMPRINT)
Place of publication, distribution, etc. রাজশাহী :
Name of publisher, distributor, etc. মিসেস দিলআরা বেগম,
Date of publication, distribution, etc. ১৯৬৬
300 ## - PHYSICAL DESCRIPTION
Pagination ৪১৪ পৃ. :
Illustrations চিত্র ;
Size ২২ সেমি.
500 ## - GENERAL NOTE
General note শুদ্ধিকরণ সংযুক্ত ।
650 ## - SUBJECT ADDED ENTRY--TOPICAL TERM
Topical term or geographic name as entry element মধ্যপ্রাচ্য
Form subdivision ইতিহাস
9 (RLIN) 119142
Topical term or geographic name as entry element Middle East
General subdivision History
9 (RLIN) 119143
700 ## - ADDED ENTRY--PERSONAL NAME
Personal name শেখ, মোহাম্মদ লুৎফর রহমান
942 ## - ADDED ENTRY ELEMENTS (KOHA)
Source of classification or shelving scheme Dewey Decimal Classification
Koha item type Books
Holdings
Lost status Source of classification or shelving scheme Damaged status Not for loan Collection code Permanent Location Current Location Shelving location Date acquired Source of acquisition Cost, normal purchase price Total Checkouts Total Renewals Full call number Date last seen Date checked out Copy number Koha item type
  Dewey Decimal Classification     Non-fiction Central Library, University of Rajshahi Central Library, University of Rajshahi   11/12/1967 Lekhok, 7.00 9 1 B 956 KHM 1966 04/03/2026 24/02/2026 C-2 Books
  Dewey Decimal Classification     Non-fiction Central Library, University of Rajshahi Central Library, University of Rajshahi   11/12/1967 Lekhok 7.00 18   B 956 KHM 1966 09/11/2025 14/10/2025 C-3 Books
  Dewey Decimal Classification   Not For Loan Non-fiction Central Library, University of Rajshahi Central Library, University of Rajshahi Reading Room 26/02/2023 RUCL       B 956 KHM 1966 26/02/2023   C-1 Books
  Dewey Decimal Classification       Central Library, University of Rajshahi Central Library, University of Rajshahi General Stacks 26/02/2023     1   B 956 KHM 1966 27/02/2024 19/02/2024 C-4 Books